000 00448nam a2200181Ia 4500
001 24731
005 20260414151103.0
008 260414t2007||||xx |||||||||||||| ||spa||
041 _aESP
082 _a345.727
_bL39
100 _aBanco Central de Reserva
_eAUT
245 0 _aLegislación sobre conciliación y arbitraje
_b
260 _c2007
300 _a787 páginas :
_ccm.
650 _aDER
654 _aCDE
942 _cLIB
_dJUS
_fJUS
_2ddc
_n
999 _c24731
_d24731